000 00779nam a22002897a 4500
005 20260320162646.0
008 160125b2012 xxu||||| |||| 00| | spa d
020 _a9786071710932
041 _aESP
082 _a364.3 EC18c
100 _aEcheverría Solano, Federico
_92151
245 _aCriminología de campo: perfiles criminales y víctimas
260 _aMéxico
260 _bTrillas
260 _c2012
300 _a139 páginas
490 _aInvestigación Criminal
650 _aPSICOLOGIA CRIMINAL
650 _aRITUAL DEL CAOS
650 _aSIMBOLO DEL VICTIMARIO
650 _aMODUS OPERANDI
650 _aSIMBOLOS DE LAS LETRAS
650 _aCRESMOLOGIA
650 _aVICTIMA GENEALOGICA
650 _aGEOMETRIAS CRIMINOGENAS
942 _cBK
_2ddc
999 _c7490
_d7490